| 000 | 00442nam a2200145 a 4500 | ||
|---|---|---|---|
| 001 | 000037855 | ||
| 005 | 20201002031127.0 | ||
| 008 | 130307s2012 dr 000 0 spa d | ||
| 020 | _a9789945006902 | ||
| 040 |
_aDO-SdBNP _bspa _cBNPHU |
||
| 100 | 1 |
_aLópez Rodríguez, Agustín _98238 |
|
| 245 | 1 | 4 |
_aLas cinco etapas del amor / _cAgustín López Rodríguez. |
| 260 |
_aSanto Domingo : _bAmigo del hogar , _c2012. |
||
| 300 |
_a128 p. : ; _c23 cm. |
||
| 999 |
_c37345 _d37345 |
||